Kedegilan Izzal

Bibliographic Details
Main Author: Amer Haji Matsom
Format: Book
Published: Petaling Jaya : Flo Enterprise Sdn. Bhd , 2003
Series:Siri usah tiru sikap buruk
Subjects:

MARC

LEADER 00000cam a2200000 7i4500
001 0000065274
005 20160813.0
008 160813
020 |a 9679714373 
020 |a 9679714438(Set) 
090 0 0 |a JF   |b MAL 
100 1 |a Amer Haji Matsom 
245 1 0 |a Kedegilan Izzal   |c Amer Haji Matsom 
260 |a Petaling Jaya :   |b Flo Enterprise Sdn. Bhd ,   |c 2003 
300 |a 60p. :   |b .ill. 
490 1 |a Siri usah tiru sikap buruk 
500 |a Children ages 7-9 years old (orange) 
650 0 |a Children;s stories, Malay 
999 |a 0000917565   |b Book   |c Children Collection   |e Cawangan Bukit Gambir 
999 |a 0000917566   |b Book   |c Children Collection   |e Cawangan Bukit Gambir 
999 |a 0000917567   |b Book   |c Children Collection   |e Cawangan Bukit Gambir 
999 |a 0000929265   |b Book   |c Children Collection   |e Cawangan Tangkak 
999 |a 0000929266   |b Book   |c Children Collection   |e Cawangan Tangkak 
999 |a 0000929267   |b Book   |c Children Collection   |e Cawangan Tangkak